000 01685cam a2200373 i 4500
999 _c65679
_d65679
001 768714001
003 CO-MdFUSB
005 20201014085432.0
007 ta
008 711228s1965 nyuabe b 001 0 eng
010 _a 64019808
020 _a[no incluye ISBN]
040 _aDLC
_beng
_cCO-MdFUSB
_dMUQ
_dCO-MdFUSB
_dNLGGC
_dBTCTA
_dYDXCP
_dOCLCG
_dHEBIS
_dDEBBG
_dOCLCA
_dGDC
_dGBVCP
_dHRH
_dOCLCF
_dOCLCQ
_dOCL
_dOCLCQ
_dNLC
_dCSJ
_dOCLCO
_dOCLCQ
_dXFF
_dTYC
_dOCLCQ
_dCNO
_dOCLCA
_dYT6
_dOCLCQ
_dBGU
_dOCLCQ
_dLCOAD
_dBRX
_dU3G
_dOCLCQ
_erda
041 _aeng
082 _223
_a933.4
_bG567
100 1 _aGlueck, Nelson,
_d1900-1972.
_eautor
245 1 0 _aDeities and dolphins :
_bthe story of the Nabataeans /
_cNelson Glueck.
264 1 _aNew York :
_bStraus and Giroux,
_c[1965]
264 4 _c© 1965
300 _axii, 650 páginas :
_bilustraciones, mapas, planos
_c27 cm.
336 _atexto
_btxt
_2rdacontent.
337 _asin mediación
_bn
_2rdamedia.
338 _avolumen
_bnc
_2rdacarrier.
504 _aIncluye referencias bibliográficas (páginss 559-570)
505 0 _aComenzaron como beduinos -Santuarios sin número -La historia de un templo -Ortodoxia arquitectónica -Cenar con la divinidad - Por sus dioses los conoceréis -Esculturas anónimas -Claramente diferentes -Primero entre iguales -Afinidad con delfines Atargatis-Afrodita -En el centro del firmamento -La base astral de la creencia nabatea -Nombres significativos -Resplandor crepuscular.
563 _aRústico
651 7 _aIsrael
_xHistoria
653 _aHistoria antigua.
942 _cBK
945 _aJTF-925